Τόνιο Κρέγκερ
Αποθηκεύτηκε σε:
| Κύριος συγγραφέας: | |
|---|---|
| Μορφή: | Βιβλίο |
| Γλώσσα: | Greek German |
| Δημοσίευση: |
Αθήνα :
Ύψιλον / Βιβλία,
1985.
|
| Έκδοση: | 4η έκδ. |
| Σειρά: | Λογοτεχνία (Ύψιλον / Βιβλία)
10 |
| Θέματα: | |
| Ετικέτες: |
Προσθήκη ετικέτας
Δεν υπάρχουν, Καταχωρήστε ετικέτα πρώτοι!
|
MARC
| LEADER | 00000cam a2200000 i 4500 | ||
|---|---|---|---|
| 001 | 1/97112 | ||
| 008 | 081112s1985 gr | ||| |||| ||gre|| | ||
| 035 | |l 10101592 | ||
| 040 | |a GR-MyUa |b gre |e AACR2 | ||
| 041 | 1 | |a gre |h ger | |
| 082 | 7 | |a 833 |2 (22) | |
| 100 | 1 | |a Mann, Thomas, |d 1875-1955. | |
| 245 | 1 | 0 | |a Τόνιο Κρέγκερ / |c Τόμας Μάν ; μετάφραση-εισαγωγή Αλέξανδρος Ίσαρης. |
| 250 | |a 4η έκδ. | ||
| 260 | |a Αθήνα : |b Ύψιλον / Βιβλία, |c 1985. | ||
| 300 | |a 107 σ. ; |c 21 εκ. | ||
| 490 | 1 | |a (Λογοτεχνία / Ύψιλον/Βιβλία ; |v 10) | |
| 500 | |a Τίτλος πρωτοτύπου: Tonio Kröger, 1903. | ||
| 650 | 0 | |a German fiction. | |
| 765 | 0 | 8 | |i Μετάφραση του: |t Tonio Kröger : |
| 830 | 0 | |a Λογοτεχνία (Ύψιλον / Βιβλία) |v 10 | |
| 852 | |a INST |b SYROS |e 20081112 |h 833 MAN |p 005500008922 |q 005500008922 |t BK |y 0 | ||
| 901 | |a BIBL5-2008-3 | ||
| 970 | |a Κοντού |b Παρασκευή |z 12/11/2008 | ||